000 00467nam a2200181Ia 4500
001 16018
005 20260306170238.0
008 260306t2014||||xx |||||||||||||| ||und||
041 _aESP
082 _a346.52
_bP25
100 _aPapayannis, Diego M.
_eAUT
245 0 _aComprensión y justificación de la responsabilidad extracontractual
260 _c2014
300 _a394 páginas :
_c23 cm.
650 _aGEN
654 _aCDE
942 _cLIB
_dJUS
_fJUS
_2ddc
_n
999 _c16018
_d16018